- Osuna, Andrés,
Entry Nombre Personal
001 - NUMERO DE CONTROL
- campo de control: 28581
003 - IDENTIFICADOR DE NUMERO DE CONTROL
- campo de control: DLC
005 - FECHA Y HORA DE LA ÜLTIMA TRANSACCIÓN
- campo de control: 20221027140453.0
008 - DATOS DE LONGITUD FIJA
- campo de control de longitud fija: 150911n| azannaabn |a aaa c
010 ## - NÚMERO DE CONTROL DE LA BIBLIOTECA DEL CONGRESO
- Número de control LC: ns2015003102
035 ## - NUMERO DE CONTROL
- Número de control: (CaEvSKY)skya10881846
040 ## - FUENTE DE CATALOGACIÓN
- Agencia original de catalogación: MX-SnUAN
- Lenguaje de catalogación: spa
- Description conventions: rda
- Agencia de transcripción: MX-SnUAN
- Agencia que lo modifica: MX-MxUPN
046 ## - FECHAS CON CODIFICACIÓN ESPECIAL
- Fecha de nacimiento: 18720627
046 ## - FECHAS CON CODIFICACIÓN ESPECIAL
- Fecha de nacimiento: 19570517
100 1# - ENCABEZAMIENTO - NOMBRE PERSONAL
- Nombre personal: Osuna, Andrés,
- Fechas asociadas con el nombre: 1872-1957
370 ## - LUGAR ASOCIADO
- Place of birth: Ciudad Mier (México)
- Place of death: Monterrey (México)
372 ## - CAMPO DE ACTIVIDAD
- Field of activity: Educación
- Fuente del término: lcsh
374 ## - OCUPACIÓN
- Occupation: Educador
- Fuente del término: lcsh
377 ## - LENGUA ASOCIADA
- Language code: spa
400 1# - VEÁSE - NOMBRE DE PERSONA
- Personal name: Osuna Hinojosa, Andrés,
- Dates associated with a name: 1872-
670 ## - FUENTE EN LA QUE SE LOCALIZARON DATOS
- Cita de la fuente: Por la escuela y por la patria, 1943:
- Información localizada: portada (Andrés Osuna) página [11] (En Mier vi la luz primera el día 27 de junio de 1872. Mis padres fueron Félix Osuna y Matilde Hinojosa) page [9] (Terminó estudios Normales en Monterrey, Director de la Normal de Saltillo (1898) Graduado de Maestro en Artes (1913), Universidad de Vanderbilt)
670 ## - FUENTE EN LA QUE SE LOCALIZARON DATOS
- Cita de la fuente: La enseñanza de la lectura y la escritura, 1916:
- Información localizada: portada (Andrés Osuna)
670 ## - FUENTE EN LA QUE SE LOCALIZARON DATOS
- Cita de la fuente: Museo del Normalismo, 27 octubre 2022:
- Información localizada: (Andrés Osuna Hinojosa; nació el 27 de junio de 1872 en Cd. Mier, Tamps-Murió el 17 de mayo de 1957 en Monterrey, N.L; catedrático y Director de la Benemérita Escuela Normal de Coahuila (1898-1909), creador y primer titular de la Dirección General de la Instrucción Primaria de Coahuila (1899); fue Director General de Educación Pública en el D.F. y en el Estado de Nuevo León, autor de libros de texto para educación primaria y normal, fue gobernador Interino de Tamaulipas (1918), inspector de misiones culturales rurales (1922) nombrado por el Lic. José Vasconcelos)
- Uniform Resource Identifier: http://www.benc.sepc.edu.mx/egresados/benc/dir3.html
902 ## - CATALOGADOR
- Catalogador: Víctor Ruiz/271022
